书目信息 |
| 题名: |
「共产党宣言」名词解释
|
|
| 作者: | 范若愚 编 | |
| 分册: | ||
| 出版信息: | 北京 青年出版社 1952 |
|
| 页数: | 96页 | |
| 开本: | 20cm | |
| 丛书名: | ||
| 单 册: | ||
| 中图分类: | A811.22 | |
| 科图分类: | ||
| 主题词: | 马恩著作--学习 , 马恩著作研究 | |
| 电子资源: | ||
| ISBN: | ||
| 000 | 00575nam0 2200205 450 | |
| 001 | 0633182765 | |
| 005 | 20060629091608.98 | |
| 010 | @dCNY3.40 | |
| 100 | @a20060629d1952 km y0chiy0120 ea | |
| 101 | 0 | @achi |
| 102 | @aCN@b110000 | |
| 200 | 1 | @a「共产党宣言」名词解释@A「gong chan dang xuan yan」ming ci jie shi@f范若愚编@Ffan ruo yu bian |
| 210 | @a北京@c青年出版社@d1952 | |
| 215 | @a96页@d20cm | |
| 606 | 0 | @a马恩著作@x学习 |
| 606 | 0 | @a马恩著作研究 |
| 690 | @aA811.22@v3 | |
| 701 | 0 | @a范若愚@Afan ruo yu@4编 |
| 801 | 0 | @aCN@bPFT@c20060629 |
| 905 | @a10447@dA811.22@e177 | |
| 「共产党宣言」名词解释/范若愚编.-北京:青年出版社,1952 |
| 96页;20cm |
| ISBN :CNY3.40 |
| ● |
| 相关链接 |
|
|
|
|
正题名:「共产党宣言」名词解释
索取号:A811.22/177
 
预约/预借
| 序号 | 登录号 | 条形码 | 馆藏地/架位号 | 状态 | 备注 |
| 1 | 0421362 | 204213626 | 密集书库/ [索取号:A811.22/177] | 在馆 |